000 00618nam a2200205 b 4500
001 00000000073007
003 OSt
005 20130909093002.0
008 020226s1969 esp 000 0 spa d
040 _aBU-BP
_cBMC
082 _a920 Mazarino
100 _9754
_aBailly, Auguste
_d1878-1967
245 1 0 _aMazarino
_cAuguste Bailly ; [traducción del francés por Felipe Ximénez de Sandoval]
260 _aMadrid
_bEspasa-Calpe
_c1969
300 _a215 p.
_c18 cm
490 _aAustral
_v1444
600 _9773
_aMazarin, Jules
_d1602-1661
700 _9627
_aXiménez de Sandoval, Felipe
_d1903-1978
942 _2ddc
_cBK
999 _c640
_d640